| 000 | 00590nam a22001817a 4500 | ||
|---|---|---|---|
| 999 |
_c525699 _d525699 |
||
| 003 | NUST | ||
| 020 |
_a969-472-097-4 _qPB/K |
||
| 038 | _aFaiza | ||
| 082 |
_a891.43935491 _bSAL |
||
| 100 |
_aAkhter, Saleem _916641 |
||
| 245 |
_aPakistani Adab 1993 : Hisa Nasar / _cSaleem Akhter |
||
| 260 |
_aIslamabad : _bAcademy Adabiat Pakistan, _c1994. |
||
| 300 | _a762 p. ; | ||
| 880 |
_6100-01\r _aسلیم اختر |
||
| 880 |
_6245-02\r _aپاکستانی ادب ۱۹۹۳ء / |
||
| 880 |
_6260-03\r _aاسلام آباد : _bاکادمی ادبیات پاکستان, _c۱۹۹۴. |
||
| 942 |
_2ddc _cBK |
||